| 000 | 00606nam a22002177a 4500 | ||
|---|---|---|---|
| 005 | 20251108172347.0 | ||
| 008 | 250721s1991 xx 000 0 ara d | ||
| 020 | _a9770231797 | ||
| 082 | 1 | 4 | _aط/ 597.96 |
| 100 | 1 | _aهوك، جون | |
| 245 | 1 | 0 | _aالثعابين / |
| 250 | _aط.4 | ||
| 264 | 1 |
_aالقاهرة : _bدار المعارف، _c1991. |
|
| 300 | _a66ص : مص | ||
| 490 | 0 |
_aكتابك الأول عن _v3 |
|
| 650 | 1 | 7 | _aالثعابين |
| 653 | _aناشئون كبار (15-18 سنة) | ||
| 700 | 1 |
_aكامل، عبد الحليم _eTran. |
|
| 942 |
_2ddc _cBK |
||
| 999 |
_c77211 _d77211 |
||